Most Popular Beer Brands in Canada - Statistics

General Stats
  • This quiz has been taken 41 times
  • The average score is 7 of 15
Answer Stats
Hint Answer % Correct
2 Budweiser
85%
8 Molson Canadian
85%
4 Heineken
81%
1 Corona Extra
70%
7 Labatt Blue
59%
6 Coors Light
52%
13 Miller Lite
48%
5 Stella Artois
48%
14 Busch
44%
3 Guiness
37%
11 Moosehead
26%
10 Pabst Blue Ribbon
22%
9 Sleeman Original
19%
12 Steam Whistle
19%
15 Alexander Keith's
15%
No matching quizzes found
Score Distribution
Percent of People with Each Score
Percentile by Number Answered
Your Score History
You have not taken this quiz